Statistics for Slow Math - Addition Quiz

Click here to take the quiz!

General Stats

  • This quiz has been taken 739 times
  • The average score is 19 of 20

Answer Stats

ProblemSolution% Correct
5 + 96101
100%
19 + 82101
100%
8 + 94102
100%
5 + 97102
100%
35 + 68103
100%
1 + 102103
100%
10 + 93103
100%
39 + 67106
100%
1 + 105106
100%
35 + 72107
100%
46 + 62108
100%
6 + 102108
100%
53 + 55108
100%
5 + 105110
100%
7 + 104111
100%
26 + 87113
100%
4 + 110114
100%
11 + 105116
100%
7 + 110117
100%
2 + 116118
100%
7 + 112119
100%
14 + 105119
100%
19 + 102121
100%
6 + 115121
100%
14 + 108122
100%
12 + 112124
100%
5 + 119124
100%
3 + 123126
100%
7 + 120127
100%
38 + 89127
100%
23 + 106129
100%
1 + 128129
100%
17 + 114131
100%
11 + 120131
100%
21 + 111132
100%
5 + 128133
100%
5 + 131136
100%
26 + 111137
100%
7 + 131138
100%
3 + 1114
100%
7 + 137144
100%
12 + 134146
100%
25 + 122147
100%
49 + 99148
100%
29 + 119148
100%
5 + 1015
100%
5 + 145150
100%
9 + 141150
100%
4 + 148152
100%
5 + 147152
100%
36 + 117153
100%
21 + 133154
100%
41 + 114155
100%
50 + 106156
100%
17 + 140157
100%
12 + 146158
100%
51 + 110161
100%
52 + 110162
100%
66 + 97163
100%
7 + 156163
100%
8 + 156164
100%
30 + 138168
100%
2 + 166168
100%
4 + 166170
100%
76 + 95171
100%
7 + 165172
100%
9 + 164173
100%
25 + 149174
100%
7 + 167174
100%
70 + 107177
100%
3 + 174177
100%
2 + 176178
100%
11 + 167178
100%
39 + 140179
100%
4 + 175179
100%
1 + 179180
100%
58 + 122180
100%
86 + 95181
100%
51 + 130181
100%
54 + 129183
100%
19 + 165184
100%
8 + 176184
100%
17 + 169186
100%
85 + 101186
100%
5 + 181186
100%
24 + 163187
100%
37 + 151188
100%
10 + 179189
100%
1 + 189190
100%
17 + 174191
100%
15 + 176191
100%
48 + 145193
100%
4 + 189193
100%
55 + 141196
100%
83 + 116199
100%
28 + 172200
100%
3 + 198201
100%
34 + 167201
100%
71 + 130201
100%
8 + 195203
100%
3 + 202205
100%
27 + 178205
100%
24 + 181205
100%
68 + 137205
100%
19 + 186205
100%
30 + 177207
100%
12 + 195207
100%
63 + 146209
100%
52 + 157209
100%
3 + 207210
100%
73 + 138211
100%
10 + 201211
100%
2 + 211213
100%
7 + 209216
100%
5 + 213218
100%
3 + 215218
100%
19 + 199218
100%
47 + 172219
100%
1 + 218219
100%
9 + 1322
100%
5 + 1722
100%
62 + 158220
100%
94 + 126220
100%
3 + 218221
100%
81 + 141222
100%
44 + 179223
100%
32 + 192224
100%
3 + 222225
100%
4 + 221225
100%
8 + 219227
100%
31 + 196227
100%
50 + 178228
100%
74 + 154228
100%
5 + 223228
100%
15 + 214229
100%
21 + 208229
100%
3 + 2023
100%
8 + 222230
100%
27 + 203230
100%
14 + 218232
100%
31 + 203234
100%
32 + 202234
100%
117 + 117234
100%
57 + 177234
100%
91 + 143234
100%
80 + 155235
100%
23 + 212235
100%
30 + 205235
100%
51 + 186237
100%
8 + 229237
100%
109 + 129238
100%
19 + 221240
100%
9 + 234243
100%
107 + 137244
100%
14 + 231245
100%
1 + 244245
100%
17 + 229246
100%
6 + 240246
100%
46 + 200246
100%
16 + 233249
100%
7 + 242249
100%
9 + 1625
100%
35 + 215250
100%
9 + 242251
100%
8 + 243251
100%
19 + 232251
100%
2 + 251253
100%
57 + 196253
100%
8 + 246254
100%
1 + 254255
100%
10 + 245255
100%
6 + 250256
100%
4 + 255259
100%
66 + 193259
100%
79 + 181260
100%
83 + 178261
100%
4 + 257261
100%
85 + 177262
100%
57 + 205262
100%
39 + 224263
100%
16 + 249265
100%
3 + 263266
100%
38 + 228266
100%
1 + 266267
100%
7 + 260267
100%
27 + 241268
100%
95 + 174269
100%
60 + 210270
100%
37 + 233270
100%
5 + 265270
100%
74 + 196270
100%
54 + 218272
100%
6 + 267273
100%
18 + 256274
100%
3 + 271274
100%
6 + 271277
100%
33 + 244277
100%
4 + 273277
100%
30 + 247277
100%
11 + 267278
100%
9 + 269278
100%
56 + 222278
100%
1 + 278279
100%
5 + 2328
100%
97 + 183280
100%
32 + 249281
100%
17 + 264281
100%
25 + 259284
100%
26 + 258284
100%
44 + 240284
100%
7 + 279286
100%
4 + 285289
100%
15 + 274289
100%
81 + 208289
100%
65 + 225290
100%
52 + 239291
100%
18 + 273291
100%
4 + 287291
100%
4 + 288292
100%
111 + 181292
100%
5 + 288293
100%
10 + 283293
100%
34 + 260294
100%
22 + 273295
100%
11 + 287298
100%
116 + 182298
100%
17 + 283300
100%
71 + 229300
100%
52 + 248300
100%
47 + 254301
100%
12 + 290302
100%
118 + 186304
100%
15 + 290305
100%
19 + 287306
100%
4 + 2731
100%
4 + 306310
100%
30 + 280310
100%
5 + 306311
100%
4 + 308312
100%
54 + 258312
100%
90 + 223313
100%
77 + 236313
100%
8 + 306314
100%
17 + 299316
100%
5 + 311316
100%
96 + 221317
100%
41 + 277318
100%
15 + 303318
100%
2 + 316318
100%
13 + 1932
100%
87 + 233320
100%
18 + 303321
100%
1 + 321322
100%
27 + 295322
100%
8 + 314322
100%
101 + 221322
100%
124 + 199323
100%
103 + 221324
100%
84 + 242326
100%
4 + 323327
100%
39 + 288327
100%
24 + 304328
100%
56 + 273329
100%
65 + 264329
100%
2 + 3133
100%
113 + 217330
100%
20 + 311331
100%
9 + 322331
100%
4 + 328332
100%
36 + 297333
100%
3 + 331334
100%
7 + 328335
100%
13 + 323336
100%
21 + 315336
100%
47 + 289336
100%
10 + 327337
100%
79 + 258337
100%
73 + 265338
100%
5 + 2934
100%
54 + 286340
100%
39 + 301340
100%
142 + 198340
100%
7 + 335342
100%
72 + 270342
100%
17 + 325342
100%
112 + 231343
100%
133 + 212345
100%
115 + 230345
100%
100 + 246346
100%
19 + 327346
100%
2 + 345347
100%
43 + 304347
100%
7 + 341348
100%
9 + 2635
100%
10 + 2535
100%
16 + 334350
100%
2 + 349351
100%
170 + 182352
100%
28 + 324352
100%
4 + 348352
100%
97 + 257354
100%
64 + 290354
100%
9 + 346355
100%
5 + 350355
100%
10 + 346356
100%
33 + 324357
100%
37 + 321358
100%
6 + 352358
100%
18 + 340358
100%
7 + 351358
100%
12 + 347359
100%
6 + 354360
100%
1 + 360361
100%
153 + 208361
100%
119 + 243362
100%
4 + 358362
100%
17 + 348365
100%
19 + 346365
100%
58 + 307365
100%
22 + 344366
100%
8 + 360368
100%
10 + 359369
100%
2 + 3537
100%
5 + 366371
100%
9 + 362371
100%
59 + 314373
100%
15 + 358373
100%
7 + 366373
100%
2 + 372374
100%
4 + 371375
100%
104 + 271375
100%
19 + 356375
100%
6 + 370376
100%
42 + 334376
100%
23 + 353376
100%
91 + 286377
100%
7 + 370377
100%
174 + 203377
100%
8 + 370378
100%
74 + 305379
100%
28 + 352380
100%
1 + 379380
100%
36 + 345381
100%
5 + 377382
100%
21 + 361382
100%
29 + 354383
100%
9 + 376385
100%
6 + 379385
100%
27 + 359386
100%
140 + 246386
100%
2 + 385387
100%
38 + 349387
100%
6 + 382388
100%
68 + 321389
100%
8 + 381389
100%
136 + 255391
100%
3 + 388391
100%
68 + 324392
100%
130 + 262392
100%
44 + 348392
100%
25 + 368393
100%
48 + 347395
100%
38 + 357395
100%
17 + 378395
100%
2 + 394396
100%
107 + 290397
100%
47 + 351398
100%
43 + 355398
100%
139 + 260399
100%
3 + 3740
100%
104 + 296400
100%
80 + 320400
100%
119 + 281400
100%
9 + 393402
100%
7 + 396403
100%
175 + 229404
100%
5 + 401406
100%
124 + 282406
100%
137 + 269406
100%
9 + 398407
100%
1 + 407408
100%
33 + 376409
100%
156 + 253409
100%
6 + 3541
100%
116 + 294410
100%
125 + 285410
100%
1 + 409410
100%
16 + 395411
100%
32 + 381413
100%
6 + 408414
100%
7 + 408415
100%
6 + 409415
100%
1 + 414415
100%
115 + 302417
100%
150 + 268418
100%
14 + 404418
100%
52 + 366418
100%
65 + 354419
100%
89 + 330419
100%
7 + 412419
100%
11 + 3142
100%
165 + 255420
100%
3 + 417420
100%
26 + 395421
100%
19 + 402421
100%
37 + 385422
100%
95 + 327422
100%
46 + 376422
100%
10 + 413423
100%
12 + 413425
100%
93 + 332425
100%
16 + 409425
100%
168 + 257425
100%
28 + 399427
100%
38 + 389427
100%
6 + 423429
100%
38 + 391429
100%
43 + 388431
100%
2 + 429431
100%
84 + 348432
100%
27 + 405432
100%
5 + 427432
100%
44 + 389433
100%
9 + 424433
100%
71 + 363434
100%
91 + 343434
100%
41 + 394435
100%
78 + 357435
100%
7 + 430437
100%
3 + 434437
100%
15 + 423438
100%
153 + 285438
100%
121 + 320441
100%
40 + 401441
100%
2 + 439441
100%
155 + 288443
100%
209 + 234443
100%
8 + 436444
100%
75 + 370445
100%
39 + 406445
100%
163 + 283446
100%
3 + 444447
100%
1 + 446447
100%
96 + 352448
100%
121 + 328449
100%
88 + 362450
100%
130 + 322452
100%
29 + 424453
100%
17 + 437454
100%
31 + 423454
100%
21 + 436457
100%
59 + 400459
100%
10 + 449459
100%
7 + 452459
100%
18 + 441459
100%
112 + 347459
100%
2 + 4446
100%
15 + 3146
100%
76 + 385461
100%
68 + 394462
100%
65 + 398463
100%
44 + 419463
100%
3 + 460463
100%
132 + 332464
100%
80 + 385465
100%
58 + 408466
100%
22 + 444466
100%
129 + 337466
100%
46 + 421467
100%
64 + 403467
100%
110 + 357467
100%
2 + 466468
100%
179 + 289468
100%
16 + 452468
100%
19 + 450469
100%
84 + 386470
100%
1 + 469470
100%
113 + 358471
100%
6 + 465471
100%
228 + 243471
100%
186 + 286472
100%
15 + 458473
100%
3 + 470473
100%
102 + 371473
100%
27 + 447474
100%
36 + 438474
100%
1 + 475476
100%
9 + 467476
100%
60 + 418478
100%
110 + 368478
100%
10 + 3848
100%
2 + 479481
100%
44 + 437481
100%
29 + 452481
100%
204 + 278482
100%
104 + 379483
100%
97 + 387484
100%
219 + 266485
100%
123 + 362485
100%
12 + 473485
100%
13 + 473486
100%
4 + 482486
100%
47 + 439486
100%
15 + 472487
100%
169 + 318487
100%
235 + 252487
100%
92 + 397489
100%
200 + 290490
100%
8 + 483491
100%
20 + 472492
100%
20 + 473493
100%
132 + 361493
100%
26 + 468494
100%
105 + 391496
100%
41 + 455496
100%
6 + 490496
100%
11 + 487498
100%
58 + 440498
100%
69 + 430499
100%
182 + 317499
100%
17 + 3350
100%
4 + 496500
100%
46 + 455501
100%
76 + 427503
100%
85 + 418503
100%
148 + 355503
100%
96 + 407503
100%
12 + 491503
100%
3 + 501504
100%
150 + 354504
100%
156 + 348504
100%
111 + 394505
100%
209 + 296505
100%
249 + 258507
100%
172 + 337509
100%
26 + 483509
100%
108 + 401509
100%
141 + 368509
100%
3 + 507510
100%
17 + 493510
100%
6 + 505511
100%
92 + 419511
100%
26 + 486512
100%
164 + 349513
100%
86 + 427513
100%
235 + 279514
100%
6 + 509515
100%
29 + 488517
100%
9 + 508517
100%
167 + 352519
100%
9 + 4352
100%
30 + 490520
100%
25 + 495520
100%
5 + 516521
100%
61 + 461522
100%
24 + 499523
100%
16 + 508524
100%
35 + 490525
100%
60 + 465525
100%
193 + 333526
100%
51 + 475526
100%
8 + 519527
100%
70 + 457527
100%
46 + 481527
100%
6 + 522528
100%
3 + 525528
100%
13 + 515528
100%
43 + 486529
100%
27 + 502529
100%
6 + 4753
100%
22 + 3153
100%
45 + 485530
100%
32 + 498530
100%
27 + 504531
100%
37 + 495532
100%
32 + 500532
100%
249 + 284533
100%
17 + 517534
100%
33 + 502535
100%
8 + 528536
100%
23 + 513536
100%
93 + 444537
100%
120 + 417537
100%
1 + 536537
100%
8 + 529537
100%
3 + 535538
100%
14 + 525539
100%
23 + 516539
100%
163 + 377540
100%
43 + 497540
100%
127 + 415542
100%
8 + 535543
100%
21 + 524545
100%
85 + 460545
100%
226 + 319545
100%
41 + 505546
100%
27 + 521548
100%
1 + 547548
100%
58 + 491549
100%
234 + 315549
100%
19 + 530549
100%
61 + 490551
100%
79 + 472551
100%
83 + 469552
100%
139 + 413552
100%
271 + 281552
100%
8 + 545553
100%
37 + 516553
100%
177 + 376553
100%
3 + 551554
100%
145 + 409554
100%
82 + 472554
100%
117 + 438555
100%
2 + 553555
100%
14 + 541555
100%
15 + 540555
100%
67 + 489556
100%
201 + 355556
100%
25 + 532557
100%
14 + 543557
100%
46 + 512558
100%
61 + 497558
100%
26 + 533559
100%
2 + 557559
100%
4 + 555559
100%
38 + 521559
100%
53 + 508561
100%
69 + 493562
100%
154 + 410564
100%
76 + 489565
100%
15 + 551566
100%
54 + 512566
100%
4 + 564568
100%
8 + 561569
100%
9 + 4857
100%
1 + 569570
100%
33 + 538571
100%
156 + 415571
100%
10 + 562572
100%
52 + 520572
100%
62 + 510572
100%
7 + 565572
100%
18 + 555573
100%
4 + 569573
100%
1 + 573574
100%
194 + 380574
100%
7 + 568575
100%
34 + 544578
100%
96 + 482578
100%
109 + 469578
100%
105 + 474579
100%
269 + 310579
100%
4 + 5458
100%
9 + 571580
100%
24 + 556580
100%
237 + 344581
100%
2 + 579581
100%
69 + 514583
100%
111 + 472583
100%
25 + 558583
100%
7 + 576583
100%
60 + 524584
100%
14 + 571585
100%
270 + 318588
100%
9 + 580589
100%
37 + 552589
100%
12 + 577589
100%
14 + 575589
100%
2 + 587589
100%
2 + 5759
100%
42 + 548590
100%
13 + 578591
100%
129 + 462591
100%
28 + 563591
100%
10 + 582592
100%
79 + 514593
100%
154 + 439593
100%
41 + 554595
100%
63 + 533596
100%
8 + 589597
100%
90 + 509599
100%
20 + 579599
100%
23 + 3861
100%
24 + 3862
100%
8 + 5563
100%
5 + 5964
100%
21 + 4364
100%
12 + 5466
100%
10 + 5969
100%
7 + 6572
100%
27 + 4572
100%
19 + 5675
100%
35 + 4277
100%
15 + 6378
100%
29 + 4978
100%
28 + 5078
100%
5 + 7479
100%
9 + 7281
100%
11 + 7283
100%
17 + 6784
100%
42 + 4385
100%
6 + 8490
100%
7 + 8491
100%
2 + 8991
100%
2 + 9193
100%
22 + 7193
100%
38 + 5694
100%
36 + 5894
100%
25 + 7095
100%
29 + 6796
100%
9 + 8897
100%
5 + 9398
100%
1 + 171172
67%
14 + 345359
67%
86 + 369455
67%
4 + 100104
50%
9 + 101110
50%
52 + 136188
50%
75 + 164239
50%
32 + 209241
50%
17 + 235252
50%
12 + 275287
50%
28 + 266294
50%
154 + 167321
50%
56 + 339395
50%
9 + 388397
50%
121 + 337458
50%
15 + 85100
0%
13 + 87100
0%
16 + 85101
0%
6 + 95101
0%
24 + 77101
0%
18 + 84102
0%
11 + 91102
0%
7 + 96103
0%
3 + 100103
0%
20 + 83103
0%
3 + 101104
0%
27 + 77104
0%
33 + 72105
0%
8 + 97105
0%
51 + 54105
0%
12 + 93105
0%
9 + 98107
0%
2 + 105107
0%
23 + 84107
0%
4 + 103107
0%
11 + 96107
0%
20 + 88108
0%
28 + 80108
0%
31 + 78109
0%
5 + 104109
0%
32 + 77109
0%
39 + 70109
0%
4 + 711
0%
3 + 811
0%
41 + 69110
0%
37 + 73110
0%
22 + 88110
0%
2 + 109111
0%
17 + 95112
0%
28 + 84112
0%
8 + 104112
0%
53 + 60113
0%
39 + 74113
0%
46 + 67113
0%
7 + 106113
0%
3 + 110113
0%
6 + 108114
0%
26 + 88114
0%
27 + 88115
0%
12 + 103115
0%
2 + 113115
0%
1 + 114115
0%
33 + 82115
0%
13 + 103116
0%
58 + 58116
0%
44 + 73117
0%
4 + 113117
0%
2 + 115117
0%
15 + 103118
0%
10 + 108118
0%
40 + 79119
0%
41 + 78119
0%
5 + 114119
0%
21 + 98119
0%
9 + 110119
0%
33 + 87120
0%
3 + 117120
0%
29 + 91120
0%
7 + 113120
0%
31 + 90121
0%
2 + 119121
0%
18 + 103121
0%
8 + 113121
0%
16 + 105121
0%
1 + 120121
0%
19 + 103122
0%
25 + 97122
0%
3 + 119122
0%
54 + 68122
0%
2 + 120122
0%
43 + 79122
0%
2 + 121123
0%
3 + 120123
0%
8 + 115123
0%
20 + 104124
0%
9 + 115124
0%
17 + 107124
0%
4 + 120124
0%
22 + 102124
0%
25 + 99124
0%
19 + 105124
0%
2 + 124126
0%
35 + 91126
0%
6 + 121127
0%
4 + 123127
0%
34 + 94128
0%
13 + 115128
0%
29 + 100129
0%
30 + 99129
0%
7 + 122129
0%
36 + 94130
0%
28 + 102130
0%
42 + 88130
0%
1 + 129130
0%
2 + 129131
0%
9 + 122131
0%
3 + 128131
0%
4 + 127131
0%
43 + 88131
0%
8 + 123131
0%
24 + 107131
0%
64 + 68132
0%
49 + 83132
0%
4 + 128132
0%
2 + 130132
0%
54 + 79133
0%
14 + 119133
0%
48 + 85133
0%
10 + 123133
0%
45 + 89134
0%
17 + 117134
0%
49 + 86135
0%
27 + 108135
0%
9 + 126135
0%
43 + 92135
0%
15 + 121136
0%
2 + 134136
0%
14 + 122136
0%
21 + 115136
0%
8 + 128136
0%
22 + 115137
0%
6 + 131137
0%
4 + 133137
0%
32 + 105137
0%
3 + 134137
0%
16 + 121137
0%
59 + 78137
0%
6 + 132138
0%
5 + 133138
0%
40 + 98138
0%
19 + 120139
0%
61 + 78139
0%
17 + 122139
0%
8 + 131139
0%
7 + 132139
0%
11 + 128139
0%
1 + 138139
0%
7 + 714
0%
1 + 1314
0%
18 + 122140
0%
4 + 136140
0%
19 + 122141
0%
46 + 95141
0%
7 + 135142
0%
4 + 138142
0%
9 + 133142
0%
31 + 111142
0%
37 + 106143
0%
5 + 138143
0%
65 + 78143
0%
47 + 96143
0%
2 + 142144
0%
70 + 74144
0%
18 + 126144
0%
12 + 132144
0%
3 + 141144
0%
27 + 118145
0%
41 + 104145
0%
33 + 112145
0%
13 + 132145
0%
1 + 145146
0%
8 + 138146
0%
14 + 133147
0%
8 + 140148
0%
6 + 142148
0%
1 + 147148
0%
7 + 141148
0%
8 + 141149
0%
5 + 144149
0%
11 + 138149
0%
7 + 142149
0%
16 + 133149
0%
15 + 135150
0%
20 + 130150
0%
39 + 111150
0%
3 + 147150
0%
64 + 87151
0%
32 + 119151
0%
34 + 117151
0%
28 + 123151
0%
57 + 95152
0%
11 + 141152
0%
44 + 108152
0%
10 + 142152
0%
38 + 115153
0%
8 + 145153
0%
27 + 127154
0%
8 + 146154
0%
2 + 152154
0%
31 + 123154
0%
39 + 116155
0%
45 + 110155
0%
9 + 146155
0%
30 + 125155
0%
29 + 126155
0%
48 + 107155
0%
3 + 153156
0%
5 + 151156
0%
35 + 121156
0%
15 + 141156
0%
16 + 140156
0%
4 + 153157
0%
16 + 141157
0%
14 + 143157
0%
13 + 144157
0%
23 + 134157
0%
62 + 95157
0%
20 + 138158
0%
8 + 150158
0%
11 + 147158
0%
40 + 118158
0%
1 + 157158
0%
6 + 152158
0%
4 + 155159
0%
31 + 128159
0%
3 + 156159
0%
30 + 129159
0%
7 + 152159
0%
26 + 133159
0%
2 + 1416
0%
19 + 141160
0%
44 + 116160
0%
2 + 158160
0%
50 + 110160
0%
60 + 100160
0%
24 + 136160
0%
3 + 157160
0%
18 + 143161
0%
2 + 159161
0%
16 + 146162
0%
14 + 148162
0%
65 + 97162
0%
9 + 154163
0%
63 + 100163
0%
17 + 146163
0%
25 + 139164
0%
42 + 122164
0%
55 + 109164
0%
5 + 159164
0%
35 + 129164
0%
75 + 89164
0%
22 + 142164
0%
11 + 154165
0%
58 + 107165
0%
3 + 162165
0%
30 + 136166
0%
56 + 110166
0%
16 + 150166
0%
10 + 156166
0%
28 + 138166
0%
9 + 157166
0%
66 + 100166
0%
19 + 148167
0%
1 + 166167
0%
4 + 163167
0%
53 + 114167
0%
6 + 162168
0%
13 + 155168
0%
23 + 145168
0%
9 + 160169
0%
78 + 91169
0%
33 + 137170
0%
10 + 160170
0%
6 + 164170
0%
22 + 149171
0%
5 + 166171
0%
6 + 165171
0%
17 + 154171
0%
39 + 132171
0%
3 + 168171
0%
18 + 154172
0%
8 + 164172
0%
4 + 169173
0%
59 + 114173
0%
21 + 152173
0%
72 + 101173
0%
37 + 137174
0%
26 + 148174
0%
66 + 108174
0%
67 + 107174
0%
63 + 112175
0%
25 + 150175
0%
15 + 160175
0%
12 + 163175
0%
20 + 155175
0%
3 + 173176
0%
7 + 169176
0%
8 + 168176
0%
20 + 157177
0%
20 + 158178
0%
6 + 172178
0%
35 + 143178
0%
43 + 136179
0%
6 + 173179
0%
26 + 153179
0%
72 + 108180
0%
11 + 169180
0%
46 + 134180
0%
5 + 176181
0%
14 + 167181
0%
58 + 123181
0%
34 + 147181
0%
9 + 173182
0%
1 + 181182
0%
10 + 172182
0%
9 + 174183
0%
42 + 141183
0%
48 + 135183
0%
33 + 150183
0%
6 + 177183
0%
27 + 156183
0%
3 + 181184
0%
29 + 155184
0%
1 + 183184
0%
27 + 157184
0%
62 + 123185
0%
7 + 178185
0%
36 + 149185
0%
16 + 169185
0%
13 + 172185
0%
49 + 137186
0%
3 + 183186
0%
4 + 182186
0%
58 + 129187
0%
50 + 137187
0%
30 + 157187
0%
43 + 144187
0%
77 + 110187
0%
15 + 172187
0%
53 + 134187
0%
21 + 166187
0%
3 + 185188
0%
2 + 186188
0%
18 + 170188
0%
6 + 182188
0%
7 + 181188
0%
5 + 184189
0%
16 + 173189
0%
12 + 177189
0%
31 + 158189
0%
1 + 1819
0%
18 + 172190
0%
32 + 158190
0%
39 + 151190
0%
9 + 182191
0%
93 + 98191
0%
35 + 156191
0%
38 + 154192
0%
10 + 183193
0%
84 + 109193
0%
47 + 146193
0%
72 + 121193
0%
28 + 165193
0%
4 + 190194
0%
8 + 186194
0%
59 + 135194
0%
5 + 190195
0%
61 + 134195
0%
71 + 124195
0%
37 + 159196
0%
40 + 156196
0%
1 + 195196
0%
17 + 179196
0%
13 + 183196
0%
32 + 164196
0%
8 + 188196
0%
7 + 189196
0%
26 + 171197
0%
23 + 174197
0%
9 + 188197
0%
34 + 163197
0%
3 + 194197
0%
41 + 157198
0%
56 + 142198
0%
11 + 187198
0%
6 + 192198
0%
2 + 196198
0%
97 + 102199
0%
54 + 145199
0%
57 + 142199
0%
3 + 196199
0%
4 + 1620
0%
6 + 1420
0%
5 + 1520
0%
44 + 156200
0%
45 + 155200
0%
22 + 178200
0%
46 + 154200
0%
17 + 183200
0%
62 + 138200
0%
13 + 188201
0%
16 + 185201
0%
1 + 200201
0%
14 + 187201
0%
75 + 126201
0%
9 + 192201
0%
15 + 186201
0%
33 + 169202
0%
4 + 198202
0%
7 + 195202
0%
19 + 183202
0%
25 + 177202
0%
64 + 139203
0%
16 + 187203
0%
5 + 198203
0%
77 + 126203
0%
51 + 152203
0%
80 + 123203
0%
6 + 197203
0%
69 + 134203
0%
21 + 183204
0%
7 + 198205
0%
2 + 203205
0%
66 + 139205
0%
9 + 196205
0%
60 + 145205
0%
65 + 141206
0%
57 + 149206
0%
55 + 151206
0%
31 + 175206
0%
4 + 202206
0%
29 + 178207
0%
11 + 196207
0%
19 + 188207
0%
2 + 205207
0%
6 + 201207
0%
3 + 205208
0%
49 + 159208
0%
17 + 191208
0%
20 + 188208
0%
77 + 131208
0%
5 + 203208
0%
6 + 202208
0%
2 + 206208
0%
18 + 190208
0%
2 + 207209
0%
8 + 201209
0%
22 + 187209
0%
4 + 205209
0%
9 + 200209
0%
18 + 191209
0%
4 + 1721
0%
84 + 126210
0%
1 + 209210
0%
36 + 174210
0%
43 + 168211
0%
6 + 205211
0%
49 + 162211
0%
64 + 148212
0%
50 + 162212
0%
81 + 131212
0%
7 + 206213
0%
74 + 140214
0%
9 + 205214
0%
49 + 165214
0%
4 + 211215
0%
35 + 180215
0%
15 + 200215
0%
42 + 173215
0%
20 + 195215
0%
8 + 207215
0%
55 + 160215
0%
67 + 148215
0%
45 + 171216
0%
14 + 202216
0%
16 + 201217
0%
10 + 207217
0%
58 + 159217
0%
50 + 167217
0%
17 + 200217
0%
38 + 179217
0%
11 + 207218
0%
48 + 170218
0%
2 + 216218
0%
18 + 200218
0%
95 + 123218
0%
39 + 179218
0%
43 + 176219
0%
23 + 196219
0%
29 + 190219
0%
58 + 161219
0%
11 + 1122
0%
2 + 2022
0%
4 + 1822
0%
13 + 207220
0%
6 + 215221
0%
1 + 220221
0%
34 + 187221
0%
8 + 214222
0%
7 + 215222
0%
41 + 181222
0%
9 + 213222
0%
17 + 205222
0%
26 + 197223
0%
23 + 200223
0%
12 + 211223
0%
2 + 221223
0%
9 + 214223
0%
24 + 199223
0%
50 + 174224
0%
42 + 183225
0%
25 + 200225
0%
6 + 219225
0%
26 + 199225
0%
72 + 154226
0%
27 + 199226
0%
20 + 207227
0%
10 + 217227
0%
41 + 186227
0%
17 + 210227
0%
91 + 136227
0%
23 + 205228
0%
3 + 225228
0%
7 + 221228
0%
4 + 224228
0%
2 + 226228
0%
28 + 200228
0%
19 + 210229
0%
93 + 136229
0%
16 + 213229
0%
6 + 1723
0%
92 + 138230
0%
89 + 141230
0%
1 + 229230
0%
18 + 212230
0%
79 + 151230
0%
11 + 219230
0%
36 + 195231
0%
34 + 197231
0%
5 + 226231
0%
33 + 198231
0%
17 + 214231
0%
38 + 193231
0%
16 + 215231
0%
11 + 220231
0%
1 + 230231
0%
29 + 203232
0%
3 + 230233
0%
16 + 217233
0%
9 + 224233
0%
23 + 210233
0%
1 + 232233
0%
78 + 155233
0%
6 + 228234
0%
54 + 180234
0%
111 + 124235
0%
6 + 229235
0%
40 + 195235
0%
22 + 213235
0%
99 + 136235
0%
41 + 194235
0%
64 + 171235
0%
9 + 226235
0%
28 + 207235
0%
84 + 152236
0%
37 + 199236
0%
25 + 211236
0%
12 + 224236
0%
6 + 231237
0%
19 + 218237
0%
107 + 130237
0%
5 + 232237
0%
70 + 168238
0%
9 + 229238
0%
7 + 231238
0%
2 + 236238
0%
13 + 225238
0%
1 + 237238
0%
8 + 230238
0%
4 + 234238
0%
87 + 152239
0%
53 + 186239
0%
7 + 1724
0%
85 + 155240
0%
3 + 237240
0%
63 + 177240
0%
6 + 234240
0%
24 + 217241
0%
109 + 132241
0%
36 + 205241
0%
59 + 182241
0%
2 + 240242
0%
7 + 235242
0%
13 + 229242
0%
101 + 141242
0%
76 + 166242
0%
10 + 232242
0%
82 + 160242
0%
2 + 241243
0%
7 + 236243
0%
5 + 238243
0%
38 + 205243
0%
48 + 195243
0%
11 + 232243
0%
8 + 235243
0%
56 + 187243
0%
23 + 221244
0%
88 + 156244
0%
106 + 139245
0%
13 + 232245
0%
11 + 234245
0%
25 + 220245
0%
56 + 190246
0%
7 + 239246
0%
84 + 162246
0%
55 + 191246
0%
2 + 245247
0%
18 + 229247
0%
20 + 227247
0%
22 + 225247
0%
39 + 208247
0%
2 + 246248
0%
4 + 244248
0%
5 + 243248
0%
45 + 203248
0%
19 + 229248
0%
26 + 222248
0%
3 + 245248
0%
55 + 194249
0%
12 + 237249
0%
77 + 172249
0%
90 + 159249
0%
15 + 234249
0%
74 + 176250
0%
33 + 217250
0%
108 + 142250
0%
21 + 229250
0%
112 + 138250
0%
68 + 183251
0%
47 + 204251
0%
35 + 217252
0%
11 + 241252
0%
39 + 213252
0%
61 + 192253
0%
28 + 225253
0%
7 + 247254
0%
18 + 237255
0%
37 + 218255
0%
100 + 155255
0%
15 + 241256
0%
27 + 229256
0%
36 + 220256
0%
33 + 223256
0%
5 + 251256
0%
2 + 254256
0%
8 + 248256
0%
4 + 252256
0%
40 + 216256
0%
50 + 207257
0%
38 + 219257
0%
8 + 249257
0%
3 + 254257
0%
1 + 256257
0%
29 + 229258
0%
48 + 210258
0%
25 + 233258
0%
3 + 255258
0%
15 + 243258
0%
86 + 172258
0%
55 + 203258
0%
73 + 186259
0%
43 + 216259
0%
83 + 176259
0%
42 + 217259
0%
8 + 1826
0%
2 + 2426
0%
3 + 2326
0%
11 + 1526
0%
13 + 247260
0%
125 + 135260
0%
51 + 209260
0%
1 + 260261
0%
45 + 216261
0%
5 + 256261
0%
52 + 209261
0%
6 + 255261
0%
9 + 252261
0%
34 + 228262
0%
9 + 253262
0%
35 + 227262
0%
19 + 244263
0%
36 + 227263
0%
14 + 249263
0%
49 + 214263
0%
11 + 252263
0%
6 + 257263
0%
8 + 256264
0%
2 + 262264
0%
1 + 263264
0%
10 + 254264
0%
7 + 257264
0%
22 + 243265
0%
17 + 248265
0%
69 + 197266
0%
120 + 146266
0%
13 + 253266
0%
2 + 265267
0%
42 + 225267
0%
36 + 231267
0%
46 + 221267
0%
88 + 179267
0%
47 + 220267
0%
15 + 253268
0%
85 + 183268
0%
72 + 196268
0%
24 + 245269
0%
12 + 257269
0%
6 + 263269
0%
5 + 2227
0%
61 + 209270
0%
3 + 267270
0%
26 + 244270
0%
24 + 246270
0%
17 + 253270
0%
36 + 235271
0%
44 + 227271
0%
4 + 267271
0%
34 + 238272
0%
8 + 264272
0%
4 + 268272
0%
9 + 263272
0%
31 + 242273
0%
38 + 235273
0%
24 + 249273
0%
21 + 252273
0%
23 + 250273
0%
105 + 168273
0%
2 + 272274
0%
1 + 273274
0%
30 + 244274
0%
8 + 266274
0%
58 + 216274
0%
28 + 246274
0%
20 + 254274
0%
51 + 224275
0%
50 + 225275
0%
33 + 242275
0%
34 + 241275
0%
65 + 210275
0%
3 + 273276
0%
69 + 207276
0%
48 + 228276
0%
109 + 167276
0%
7 + 269276
0%
25 + 252277
0%
10 + 267277
0%
38 + 239277
0%
124 + 153277
0%
1 + 276277
0%
27 + 250277
0%
68 + 209277
0%
5 + 272277
0%
2 + 276278
0%
71 + 207278
0%
47 + 231278
0%
36 + 242278
0%
49 + 229278
0%
21 + 257278
0%
28 + 251279
0%
96 + 183279
0%
62 + 218280
0%
28 + 252280
0%
3 + 277280
0%
106 + 174280
0%
5 + 275280
0%
80 + 200280
0%
29 + 251280
0%
14 + 266280
0%
4 + 276280
0%
13 + 268281
0%
19 + 262281
0%
5 + 277282
0%
101 + 181282
0%
15 + 267282
0%
99 + 183282
0%
12 + 270282
0%
16 + 266282
0%
97 + 186283
0%
40 + 243283
0%
121 + 162283
0%
67 + 216283
0%
8 + 275283
0%
114 + 170284
0%
3 + 281284
0%
82 + 202284
0%
6 + 278284
0%
45 + 239284
0%
41 + 243284
0%
9 + 275284
0%
18 + 267285
0%
7 + 278285
0%
9 + 276285
0%
31 + 255286
0%
78 + 208286
0%
1 + 286287
0%
64 + 223287
0%
8 + 279287
0%
89 + 198287
0%
2 + 286288
0%
34 + 254288
0%
60 + 228288
0%
7 + 281288
0%
3 + 285288
0%
11 + 277288
0%
14 + 274288
0%
5 + 283288
0%
27 + 262289
0%
59 + 230289
0%
6 + 283289
0%
1 + 2829
0%
11 + 1829
0%
98 + 192290
0%
1 + 290291
0%
136 + 155291
0%
55 + 236291
0%
20 + 271291
0%
2 + 289291
0%
53 + 239292
0%
40 + 252292
0%
37 + 255292
0%
142 + 151293
0%
110 + 183293
0%
11 + 282293
0%
74 + 219293
0%
9 + 284293
0%
102 + 192294
0%
35 + 259294
0%
7 + 287294
0%
14 + 280294
0%
8 + 287295
0%
15 + 280295
0%
13 + 282295
0%
63 + 232295
0%
108 + 187295
0%
60 + 236296
0%
104 + 192296
0%
78 + 218296
0%
13 + 283296
0%
16 + 280296
0%
39 + 258297
0%
33 + 264297
0%
3 + 294297
0%
122 + 175297
0%
19 + 278297
0%
92 + 205297
0%
57 + 240297
0%
44 + 254298
0%
43 + 255298
0%
67 + 231298
0%
6 + 292298
0%
98 + 200298
0%
75 + 224299
0%
2 + 297299
0%
8 + 2230
0%
24 + 276300
0%
9 + 291300
0%
7 + 293300
0%
3 + 297300
0%
4 + 296300
0%
35 + 265300
0%
1 + 299300
0%
23 + 277300
0%
22 + 278300
0%
4 + 297301
0%
149 + 152301
0%
52 + 249301
0%
46 + 255301
0%
9 + 292301
0%
12 + 289301
0%
7 + 294301
0%
76 + 226302
0%
2 + 300302
0%
5 + 298303
0%
61 + 242303
0%
79 + 224303
0%
69 + 234303
0%
117 + 186303
0%
3 + 300303
0%
56 + 248304
0%
1 + 303304
0%
128 + 176304
0%
8 + 296304
0%
23 + 281304
0%
2 + 302304
0%
25 + 280305
0%
150 + 155305
0%
131 + 174305
0%
32 + 274306
0%
93 + 213306
0%
83 + 223306
0%
2 + 304306
0%
21 + 285306
0%
9 + 297306
0%
18 + 288306
0%
127 + 179306
0%
86 + 220306
0%
29 + 277306
0%
6 + 300306
0%
61 + 246307
0%
103 + 204307
0%
14 + 293307
0%
1 + 307308
0%
26 + 282308
0%
126 + 182308
0%
91 + 218309
0%
28 + 281309
0%
12 + 297309
0%
7 + 302309
0%
3 + 2831
0%
6 + 2531
0%
42 + 268310
0%
57 + 253310
0%
31 + 279310
0%
94 + 216310
0%
7 + 303310
0%
1 + 309310
0%
13 + 297310
0%
9 + 301310
0%
3 + 308311
0%
10 + 301311
0%
3 + 309312
0%
119 + 193312
0%
11 + 301312
0%
121 + 191312
0%
23 + 289312
0%
38 + 274312
0%
43 + 269312
0%
16 + 296312
0%
50 + 263313
0%
5 + 308313
0%
23 + 290313
0%
70 + 243313
0%
55 + 258313
0%
37 + 277314
0%
3 + 311314
0%
6 + 308314
0%
7 + 307314
0%
9 + 305314
0%
11 + 303314
0%
82 + 232314
0%
22 + 292314
0%
2 + 312314
0%
4 + 311315
0%
13 + 302315
0%
11 + 304315
0%
59 + 256315
0%
33 + 283316
0%
1 + 315316
0%
9 + 308317
0%
18 + 299317
0%
66 + 251317
0%
36 + 281317
0%
117 + 200317
0%
23 + 294317
0%
27 + 290317
0%
6 + 311317
0%
20 + 298318
0%
28 + 290318
0%
151 + 167318
0%
14 + 305319
0%
123 + 196319
0%
3 + 316319
0%
3 + 2932
0%
11 + 309320
0%
44 + 277321
0%
120 + 201321
0%
82 + 239321
0%
49 + 272321
0%
58 + 264322
0%
5 + 317322
0%
2 + 320322
0%
78 + 244322
0%
9 + 313322
0%
7 + 315322
0%
151 + 171322
0%
48 + 275323
0%
6 + 317323
0%
129 + 194323
0%
58 + 265323
0%
3 + 321324
0%
43 + 281324
0%
19 + 305324
0%
158 + 167325
0%
62 + 263325
0%
32 + 293325
0%
27 + 298325
0%
81 + 244325
0%
1 + 324325
0%
45 + 280325
0%
87 + 238325
0%
44 + 281325
0%
4 + 321325
0%
2 + 324326
0%
1 + 325326
0%
14 + 312326
0%
27 + 299326
0%
34 + 292326
0%
42 + 285327
0%
116 + 211327
0%
6 + 321327
0%
25 + 302327
0%
1 + 327328
0%
10 + 318328
0%
45 + 283328
0%
78 + 251329
0%
12 + 317329
0%
13 + 316329
0%
9 + 2433
0%
7 + 2633
0%
5 + 325330
0%
9 + 321330
0%
28 + 302330
0%
129 + 201330
0%
31 + 299330
0%
16 + 314330
0%
7 + 323330
0%
140 + 190330
0%
65 + 266331
0%
2 + 329331
0%
99 + 232331
0%
160 + 172332
0%
17 + 315332
0%
8 + 324332
0%
143 + 189332
0%
23 + 310333
0%
63 + 270333
0%
19 + 314333
0%
29 + 305334
0%
35 + 299334
0%
1 + 333334
0%
4 + 330334
0%
6 + 329335
0%
26 + 309335
0%
5 + 330335
0%
51 + 284335
0%
38 + 298336
0%
14 + 322336
0%
22 + 314336
0%
137 + 199336
0%
68 + 268336
0%
18 + 318336
0%
4 + 333337
0%
20 + 317337
0%
26 + 311337
0%
52 + 285337
0%
15 + 322337
0%
59 + 279338
0%
1 + 337338
0%
9 + 330339
0%
134 + 205339
0%
28 + 311339
0%
58 + 281339
0%
54 + 285339
0%
12 + 327339
0%
83 + 256339
0%
40 + 299339
0%
91 + 248339
0%
140 + 199339
0%
37 + 302339
0%
4 + 335339
0%
11 + 329340
0%
46 + 294340
0%
45 + 295340
0%
33 + 307340
0%
149 + 191340
0%
2 + 338340
0%
111 + 229340
0%
92 + 249341
0%
56 + 285341
0%
3 + 338341
0%
53 + 289342
0%
14 + 328342
0%
8 + 334342
0%
77 + 265342
0%
17 + 326343
0%
44 + 299343
0%
85 + 258343
0%
1 + 342343
0%
30 + 314344
0%
145 + 199344
0%
88 + 256344
0%
8 + 337345
0%
5 + 340345
0%
117 + 228345
0%
6 + 339345
0%
63 + 282345
0%
4 + 341345
0%
18 + 327345
0%
75 + 270345
0%
9 + 337346
0%
48 + 298346
0%
6 + 340346
0%
69 + 277346
0%
129 + 217346
0%
1 + 345346
0%
80 + 266346
0%
86 + 260346
0%
18 + 328346
0%
107 + 240347
0%
35 + 312347
0%
110 + 238348
0%
3 + 345348
0%
53 + 295348
0%
95 + 253348
0%
91 + 257348
0%
29 + 319348
0%
6 + 342348
0%
1 + 348349
0%
9 + 340349
0%
68 + 281349
0%
90 + 259349
0%
4 + 3135
0%
7 + 2835
0%
19 + 331350
0%
25 + 325350
0%
98 + 252350
0%
122 + 229351
0%
79 + 272351
0%
57 + 294351
0%
50 + 302352
0%
39 + 313352
0%
166 + 186352
0%
1 + 351352
0%
37 + 315352
0%
51 + 301352
0%
8 + 345353
0%
150 + 203353
0%
13 + 340353
0%
160 + 193353
0%
55 + 298353
0%
27 + 327354
0%
16 + 338354
0%
65 + 289354
0%
91 + 264355
0%
149 + 206355
0%
29 + 326355
0%
38 + 317355
0%
11 + 345356
0%
24 + 332356
0%
15 + 341356
0%
2 + 354356
0%
68 + 288356
0%
16 + 341357
0%
34 + 323357
0%
66 + 291357
0%
3 + 354357
0%
26 + 332358
0%
21 + 337358
0%
107 + 251358
0%
31 + 328359
0%
39 + 320359
0%
9 + 350359
0%
167 + 192359
0%
41 + 319360
0%
11 + 349360
0%
32 + 328360
0%
8 + 352360
0%
148 + 212360
0%
106 + 254360
0%
131 + 229360
0%
65 + 295360
0%
5 + 355360
0%
46 + 315361
0%
43 + 318361
0%
60 + 302362
0%
10 + 352362
0%
134 + 228362
0%
7 + 355362
0%
92 + 270362
0%
36 + 326362
0%
105 + 257362
0%
21 + 341362
0%
93 + 269362
0%
39 + 323362
0%
14 + 348362
0%
132 + 230362
0%
17 + 345362
0%
23 + 340363
0%
2 + 362364
0%
132 + 232364
0%
4 + 360364
0%
54 + 310364
0%
6 + 358364
0%
48 + 317365
0%
70 + 295365
0%
20 + 345365
0%
40 + 325365
0%
82 + 283365
0%
55 + 310365
0%
71 + 294365
0%
8 + 358366
0%
87 + 279366
0%
38 + 328366
0%
4 + 362366
0%
67 + 299366
0%
79 + 287366
0%
12 + 354366
0%
6 + 360366
0%
43 + 324367
0%
41 + 326367
0%
3 + 364367
0%
5 + 362367
0%
11 + 356367
0%
37 + 330367
0%
25 + 343368
0%
9 + 359368
0%
2 + 366368
0%
154 + 214368
0%
35 + 334369
0%
124 + 245369
0%
16 + 353369
0%
74 + 295369
0%
49 + 320369
0%
6 + 363369
0%
1 + 3637
0%
8 + 2937
0%
3 + 367370
0%
9 + 361370
0%
47 + 323370
0%
55 + 315370
0%
61 + 309370
0%
19 + 352371
0%
69 + 302371
0%
101 + 270371
0%
1 + 370371
0%
30 + 341371
0%
53 + 318371
0%
7 + 364371
0%
31 + 340371
0%
176 + 195371
0%
60 + 312372
0%
4 + 368372
0%
18 + 354372
0%
88 + 284372
0%
96 + 276372
0%
124 + 248372
0%
11 + 361372
0%
83 + 290373
0%
25 + 348373
0%
13 + 360373
0%
24 + 349373
0%
155 + 218373
0%
24 + 350374
0%
135 + 239374
0%
97 + 277374
0%
45 + 329374
0%
45 + 330375
0%
126 + 250376
0%
133 + 243376
0%
28 + 348376
0%
26 + 350376
0%
8 + 369377
0%
43 + 334377
0%
125 + 252377
0%
32 + 345377
0%
2 + 375377
0%
38 + 339377
0%
89 + 288377
0%
17 + 361378
0%
2 + 376378
0%
11 + 367378
0%
52 + 326378
0%
14 + 364378
0%
10 + 369379
0%
35 + 344379
0%
173 + 206379
0%
30 + 349379
0%
3 + 376379
0%
5 + 374379
0%
15 + 364379
0%
77 + 302379
0%
114 + 266380
0%
4 + 377381
0%
9 + 372381
0%
128 + 254382
0%
1 + 381382
0%
76 + 306382
0%
13 + 369382
0%
39 + 343382
0%
69 + 314383
0%
108 + 275383
0%
114 + 269383
0%
36 + 347383
0%
7 + 376383
0%
27 + 356383
0%
86 + 297383
0%
22 + 361383
0%
8 + 375383
0%
45 + 338383
0%
60 + 324384
0%
2 + 382384
0%
5 + 379384
0%
8 + 376384
0%
113 + 272385
0%
12 + 373385
0%
33 + 353386
0%
109 + 277386
0%
16 + 370386
0%
5 + 382387
0%
151 + 236387
0%
143 + 244387
0%
8 + 379387
0%
30 + 358388
0%
50 + 338388
0%
9 + 379388
0%
20 + 368388
0%
14 + 374388
0%
5 + 383388
0%
7 + 381388
0%
3 + 385388
0%
31 + 357388
0%
1 + 388389
0%
17 + 372389
0%
99 + 290389
0%
67 + 322389
0%
48 + 342390
0%
186 + 204390
0%
102 + 288390
0%
74 + 316390
0%
4 + 386390
0%
23 + 367390
0%
18 + 372390
0%
20 + 371391
0%
84 + 307391
0%
4 + 387391
0%
34 + 357391
0%
4 + 388392
0%
19 + 373392
0%
40 + 352392
0%
141 + 251392
0%
62 + 331393
0%
72 + 321393
0%
13 + 380393
0%
15 + 378393
0%
78 + 315393
0%
45 + 348393
0%
5 + 388393
0%
133 + 260393
0%
11 + 383394
0%
2 + 392394
0%
7 + 387394
0%
37 + 357394
0%
4 + 390394
0%
92 + 303395
0%
185 + 210395
0%
155 + 241396
0%
63 + 334397
0%
58 + 339397
0%
25 + 372397
0%
57 + 341398
0%
6 + 392398
0%
26 + 372398
0%
155 + 243398
0%
1 + 397398
0%
10 + 388398
0%
138 + 260398
0%
51 + 347398
0%
8 + 390398
0%
58 + 340398
0%
91 + 307398
0%
15 + 383398
0%
111 + 287398
0%
9 + 390399
0%
41 + 358399
0%
2 + 24
0%
10 + 3040
0%
7 + 3340
0%
5 + 3540
0%
3 + 397400
0%
31 + 369400
0%
21 + 379400
0%
72 + 328400
0%
19 + 382401
0%
32 + 369401
0%
18 + 383401
0%
13 + 388401
0%
83 + 319402
0%
159 + 243402
0%
24 + 378402
0%
39 + 363402
0%
18 + 385403
0%
5 + 398403
0%
6 + 397403
0%
16 + 387403
0%
28 + 375403
0%
4 + 399403
0%
145 + 258403
0%
37 + 366403
0%
97 + 307404
0%
118 + 286404
0%
16 + 388404
0%
29 + 375404
0%
2 + 402404
0%
10 + 394404
0%
16 + 389405
0%
46 + 359405
0%
153 + 252405
0%
64 + 341405
0%
35 + 370405
0%
23 + 382405
0%
10 + 395405
0%
12 + 393405
0%
37 + 369406
0%
152 + 254406
0%
10 + 396406
0%
13 + 393406
0%
35 + 372407
0%
22 + 385407
0%
4 + 403407
0%
54 + 353407
0%
11 + 396407
0%
3 + 404407
0%
120 + 287407
0%
94 + 313407
0%
139 + 268407
0%
15 + 393408
0%
8 + 400408
0%
18 + 390408
0%
9 + 399408
0%
14 + 394408
0%
3 + 405408
0%
158 + 250408
0%
135 + 274409
0%
60 + 349409
0%
93 + 316409
0%
144 + 265409
0%
179 + 230409
0%
16 + 2541
0%
75 + 335410
0%
53 + 357410
0%
3 + 407410
0%
17 + 393410
0%
24 + 386410
0%
27 + 384411
0%
77 + 334411
0%
134 + 277411
0%
81 + 330411
0%
36 + 376412
0%
7 + 405412
0%
78 + 334412
0%
73 + 339412
0%
120 + 292412
0%
6 + 406412
0%
25 + 388413
0%
8 + 406414
0%
168 + 246414
0%
49 + 365414
0%
80 + 334414
0%
2 + 412414
0%
5 + 409414
0%
66 + 348414
0%
90 + 325415
0%
192 + 223415
0%
50 + 365415
0%
18 + 397415
0%
3 + 412415
0%
58 + 358416
0%
13 + 403416
0%
147 + 269416
0%
9 + 407416
0%
79 + 337416
0%
177 + 239416
0%
1 + 415416
0%
29 + 387416
0%
103 + 314417
0%
12 + 405417
0%
4 + 413417
0%
128 + 289417
0%
15 + 402417
0%
16 + 402418
0%
105 + 313418
0%
18 + 400418
0%
97 + 321418
0%
2 + 417419
0%
9 + 410419
0%
5 + 3742
0%
10 + 3242
0%
9 + 3342
0%
6 + 414420
0%
2 + 418420
0%
5 + 415420
0%
82 + 338420
0%
30 + 390420
0%
8 + 412420
0%
15 + 405420
0%
20 + 401421
0%
16 + 405421
0%
2 + 419421
0%
42 + 381423
0%
122 + 301423
0%
118 + 305423
0%
60 + 363423
0%
14 + 409423
0%
165 + 258423
0%
5 + 418423
0%
98 + 326424
0%
7 + 417424
0%
52 + 372424
0%
59 + 365424
0%
1 + 424425
0%
83 + 342425
0%
9 + 416425
0%
24 + 401425
0%
22 + 404426
0%
11 + 415426
0%
109 + 317426
0%
18 + 408426
0%
24 + 402426
0%
85 + 342427
0%
3 + 424427
0%
48 + 379427
0%
23 + 404427
0%
6 + 421427
0%
16 + 411427
0%
4 + 423427
0%
62 + 366428
0%
45 + 383428
0%
1 + 428429
0%
127 + 302429
0%
29 + 400429
0%
34 + 395429
0%
17 + 412429
0%
176 + 253429
0%
204 + 225429
0%
19 + 2443
0%
12 + 3143
0%
2 + 4143
0%
4 + 3943
0%
55 + 375430
0%
21 + 409430
0%
8 + 422430
0%
19 + 411430
0%
47 + 383430
0%
198 + 232430
0%
134 + 296430
0%
6 + 425431
0%
198 + 233431
0%
164 + 267431
0%
47 + 384431
0%
13 + 418431
0%
39 + 392431
0%
161 + 271432
0%
99 + 333432
0%
67 + 365432
0%
8 + 425433
0%
7 + 426433
0%
19 + 414433
0%
134 + 299433
0%
1 + 432433
0%
8 + 426434
0%
21 + 413434
0%
49 + 385434
0%
74 + 360434
0%
117 + 317434
0%
16 + 419435
0%
40 + 395435
0%
4 + 431435
0%
54 + 382436
0%
6 + 430436
0%
87 + 349436
0%
21 + 415436
0%
163 + 273436
0%
140 + 296436
0%
97 + 340437
0%
25 + 412437
0%
21 + 416437
0%
28 + 409437
0%
19 + 419438
0%
123 + 315438
0%
32 + 406438
0%
23 + 415438
0%
8 + 430438
0%
205 + 233438
0%
3 + 436439
0%
122 + 317439
0%
61 + 378439
0%
157 + 282439
0%
14 + 425439
0%
11 + 428439
0%
5 + 434439
0%
17 + 422439
0%
16 + 423439
0%
3 + 4144
0%
18 + 422440
0%
48 + 392440
0%
31 + 409440
0%
1 + 439440
0%
153 + 287440
0%
67 + 373440
0%
146 + 295441
0%
9 + 432441
0%
54 + 387441
0%
197 + 244441
0%
70 + 371441
0%
10 + 431441
0%
20 + 421441
0%
106 + 335441
0%
33 + 409442
0%
72 + 370442
0%
8 + 435443
0%
135 + 308443
0%
4 + 439443
0%
12 + 431443
0%
13 + 430443
0%
100 + 344444
0%
26 + 418444
0%
166 + 278444
0%
27 + 417444
0%
142 + 302444
0%
7 + 437444
0%
6 + 438444
0%
49 + 395444
0%
15 + 429444
0%
35 + 409444
0%
117 + 328445
0%
22 + 423445
0%
9 + 436445
0%
36 + 410446
0%
5 + 441446
0%
113 + 333446
0%
180 + 266446
0%
46 + 400446
0%
7 + 439446
0%
56 + 391447
0%
7 + 440447
0%
9 + 439448
0%
14 + 434448
0%
33 + 415448
0%
1 + 447448
0%
69 + 379448
0%
90 + 358448
0%
59 + 389448
0%
30 + 418448
0%
13 + 436449
0%
81 + 368449
0%
182 + 268450
0%
152 + 298450
0%
11 + 439450
0%
4 + 447451
0%
169 + 282451
0%
12 + 439451
0%
7 + 444451
0%
18 + 433451
0%
2 + 449451
0%
66 + 386452
0%
134 + 318452
0%
7 + 445452
0%
19 + 433452
0%
8 + 445453
0%
16 + 437453
0%
64 + 389453
0%
30 + 423453
0%
6 + 447453
0%
13 + 440453
0%
31 + 422453
0%
26 + 427453
0%
9 + 445454
0%
45 + 409454
0%
51 + 403454
0%
15 + 439454
0%
24 + 431455
0%
5 + 450455
0%
9 + 446455
0%
23 + 432455
0%
14 + 441455
0%
3 + 452455
0%
57 + 399456
0%
28 + 428456
0%
15 + 441456
0%
7 + 449456
0%
13 + 443456
0%
23 + 434457
0%
1 + 456457
0%
6 + 451457
0%
4 + 453457
0%
37 + 420457
0%
4 + 454458
0%
17 + 441458
0%
63 + 395458
0%
53 + 405458
0%
24 + 434458
0%
70 + 388458
0%
30 + 428458
0%
62 + 396458
0%
6 + 452458
0%
7 + 451458
0%
202 + 257459
0%
128 + 331459
0%
1 + 4546
0%
8 + 3846
0%
4 + 4246
0%
14 + 3246
0%
11 + 3546
0%
13 + 3346
0%
6 + 454460
0%
25 + 435460
0%
2 + 459461
0%
6 + 455461
0%
13 + 448461
0%
119 + 342461
0%
115 + 346461
0%
163 + 298461
0%
20 + 441461
0%
93 + 368461
0%
78 + 383461
0%
8 + 454462
0%
5 + 457462
0%
50 + 412462
0%
136 + 326462
0%
34 + 428462
0%
43 + 419462
0%
9 + 453462
0%
131 + 332463
0%
5 + 458463
0%
52 + 411463
0%
20 + 443463
0%
97 + 366463
0%
59 + 404463
0%
32 + 432464
0%
101 + 363464
0%
169 + 295464
0%
8 + 456464
0%
185 + 279464
0%
197 + 268465
0%
124 + 341465
0%
216 + 249465
0%
11 + 454465
0%
160 + 306466
0%
82 + 384466
0%
23 + 443466
0%
138 + 328466
0%
149 + 317466
0%
9 + 457466
0%
1 + 465466
0%
154 + 312466
0%
83 + 384467
0%
214 + 253467
0%
7 + 460467
0%
19 + 448467
0%
28 + 439467
0%
14 + 454468
0%
4 + 464468
0%
47 + 421468
0%
42 + 426468
0%
29 + 439468
0%
26 + 442468
0%
98 + 370468
0%
89 + 380469
0%
103 + 366469
0%
5 + 464469
0%
38 + 431469
0%
104 + 365469
0%
43 + 426469
0%
142 + 327469
0%
50 + 419469
0%
18 + 2947
0%
228 + 242470
0%
107 + 363470
0%
8 + 462470
0%
76 + 395471
0%
31 + 440471
0%
59 + 412471
0%
12 + 459471
0%
8 + 464472
0%
137 + 335472
0%
39 + 433472
0%
5 + 467472
0%
126 + 346472
0%
85 + 387472
0%
67 + 406473
0%
23 + 450473
0%
65 + 408473
0%
69 + 404473
0%
95 + 378473
0%
156 + 318474
0%
178 + 296474
0%
22 + 452474
0%
37 + 437474
0%
55 + 419474
0%
17 + 458475
0%
5 + 470475
0%
91 + 385476
0%
196 + 280476
0%
66 + 410476
0%
16 + 460476
0%
187 + 289476
0%
88 + 388476
0%
201 + 276477
0%
18 + 459477
0%
170 + 307477
0%
197 + 280477
0%
7 + 470477
0%
94 + 383477
0%
10 + 467477
0%
95 + 382477
0%
6 + 472478
0%
4 + 474478
0%
77 + 401478
0%
19 + 459478
0%
2 + 476478
0%
13 + 465478
0%
33 + 446479
0%
226 + 253479
0%
40 + 439479
0%
9 + 470479
0%
144 + 335479
0%
41 + 438479
0%
73 + 406479
0%
175 + 304479
0%
2 + 4648
0%
3 + 4548
0%
8 + 4048
0%
7 + 4148
0%
5 + 4348
0%
47 + 433480
0%
11 + 469480
0%
7 + 473480
0%
5 + 475480
0%
8 + 472480
0%
21 + 459480
0%
36 + 444480
0%
183 + 298481
0%
90 + 392482
0%
53 + 429482
0%
121 + 361482
0%
3 + 479482
0%
35 + 447482
0%
67 + 415482
0%
14 + 469483
0%
101 + 382483
0%
54 + 429483
0%
6 + 477483
0%
51 + 432483
0%
75 + 408483
0%
48 + 436484
0%
49 + 435484
0%
72 + 412484
0%
58 + 426484
0%
68 + 416484
0%
4 + 481485
0%
42 + 443485
0%
143 + 342485
0%
2 + 483485
0%
162 + 323485
0%
18 + 467485
0%
11 + 474485
0%
59 + 426485
0%
36 + 449485
0%
89 + 397486
0%
1 + 485486
0%
95 + 391486
0%
9 + 477486
0%
9 + 478487
0%
24 + 463487
0%
3 + 484487
0%
8 + 479487
0%
40 + 448488
0%
25 + 463488
0%
20 + 468488
0%
45 + 443488
0%
39 + 450489
0%
32 + 457489
0%
71 + 418489
0%
17 + 472489
0%
23 + 466489
0%
79 + 410489
0%
147 + 342489
0%
9 + 480489
0%
103 + 386489
0%
57 + 432489
0%
1 + 489490
0%
6 + 484490
0%
108 + 382490
0%
2 + 488490
0%
102 + 388490
0%
5 + 485490
0%
7 + 483490
0%
17 + 474491
0%
34 + 457491
0%
43 + 449492
0%
16 + 476492
0%
12 + 480492
0%
1 + 491492
0%
10 + 482492
0%
99 + 393492
0%
190 + 303493
0%
174 + 319493
0%
3 + 491494
0%
171 + 323494
0%
8 + 486494
0%
28 + 467495
0%
19 + 476495
0%
84 + 411495
0%
7 + 488495
0%
30 + 466496
0%
4 + 492496
0%
13 + 483496
0%
236 + 260496
0%
5 + 491496
0%
118 + 378496
0%
34 + 463497
0%
8 + 489497
0%
177 + 320497
0%
26 + 471497
0%
36 + 461497
0%
5 + 492497
0%
238 + 260498
0%
15 + 483498
0%
59 + 439498
0%
9 + 489498
0%
75 + 423498
0%
22 + 476498
0%
26 + 472498
0%
2 + 496498
0%
14 + 485499
0%
104 + 395499
0%
1 + 498499
0%
9 + 4150
0%
6 + 4450
0%
38 + 462500
0%
46 + 454500
0%
32 + 468500
0%
20 + 480500
0%
27 + 473500
0%
7 + 493500
0%
29 + 472501
0%
237 + 264501
0%
55 + 446501
0%
19 + 482501
0%
10 + 491501
0%
72 + 429501
0%
114 + 387501
0%
3 + 499502
0%
14 + 488502
0%
63 + 439502
0%
51 + 451502
0%
29 + 474503
0%
90 + 413503
0%
25 + 478503
0%
15 + 488503
0%
18 + 486504
0%
52 + 452504
0%
24 + 480504
0%
2 + 502504
0%
19 + 485504
0%
116 + 389505
0%
6 + 499505
0%
4 + 501505
0%
103 + 402505
0%
21 + 484505
0%
13 + 493506
0%
48 + 458506
0%
106 + 400506
0%
39 + 467506
0%
5 + 501506
0%
68 + 438506
0%
24 + 482506
0%
8 + 498506
0%
74 + 432506
0%
56 + 451507
0%
25 + 482507
0%
9 + 498507
0%
93 + 414507
0%
1 + 506507
0%
48 + 459507
0%
37 + 470507
0%
175 + 333508
0%
54 + 454508
0%
61 + 447508
0%
18 + 490508
0%
235 + 273508
0%
177 + 332509
0%
10 + 499509
0%
70 + 439509
0%
8 + 501509
0%
16 + 3551
0%
31 + 479510
0%
33 + 477510
0%
167 + 343510
0%
4 + 506510
0%
16 + 494510
0%
7 + 503510
0%
137 + 373510
0%
147 + 363510
0%
28 + 482510
0%
78 + 433511
0%
23 + 488511
0%
72 + 439511
0%
7 + 504511
0%
47 + 464511
0%
3 + 508511
0%
25 + 487512
0%
19 + 493512
0%
214 + 298512
0%
113 + 399512
0%
11 + 502513
0%
89 + 424513
0%
142 + 371513
0%
2 + 511513
0%
1 + 513514
0%
5 + 509514
0%
152 + 362514
0%
112 + 402514
0%
50 + 464514
0%
40 + 474514
0%
35 + 480515
0%
109 + 406515
0%
176 + 339515
0%
104 + 412516
0%
135 + 381516
0%
100 + 416516
0%
150 + 366516
0%
26 + 490516
0%
50 + 466516
0%
11 + 506517
0%
35 + 482517
0%
8 + 509517
0%
4 + 514518
0%
20 + 498518
0%
3 + 515518
0%
17 + 501518
0%
9 + 509518
0%
87 + 431518
0%
36 + 482518
0%
4 + 515519
0%
22 + 497519
0%
2 + 517519
0%
53 + 466519
0%
12 + 507519
0%
32 + 487519
0%
6 + 513519
0%
14 + 505519
0%
19 + 3352
0%
18 + 3452
0%
11 + 4152
0%
80 + 440520
0%
11 + 509520
0%
3 + 517520
0%
250 + 270520
0%
217 + 303520
0%
21 + 499520
0%
218 + 303521
0%
77 + 444521
0%
58 + 463521
0%
7 + 514521
0%
199 + 322521
0%
13 + 508521
0%
15 + 507522
0%
12 + 510522
0%
114 + 408522
0%
181 + 341522
0%
213 + 310523
0%
71 + 452523
0%
10 + 513523
0%
181 + 342523
0%
1 + 523524
0%
105 + 419524
0%
133 + 391524
0%
5 + 519524
0%
165 + 360525
0%
62 + 463525
0%
65 + 460525
0%
42 + 483525
0%
217 + 308525
0%
2 + 523525
0%
44 + 481525
0%
8 + 517525
0%
242 + 284526
0%
138 + 388526
0%
34 + 492526
0%
195 + 331526
0%
85 + 441526
0%
18 + 509527
0%
9 + 518527
0%
5 + 522527
0%
82 + 445527
0%
63 + 464527
0%
4 + 523527
0%
134 + 394528
0%
31 + 497528
0%
1 + 527528
0%
5 + 523528
0%
49 + 479528
0%
16 + 512528
0%
3 + 526529
0%
98 + 431529
0%
8 + 521529
0%
244 + 285529
0%
2 + 527529
0%
7 + 522529
0%
2 + 5153
0%
8 + 4553
0%
64 + 466530
0%
34 + 496530
0%
83 + 447530
0%
81 + 449530
0%
60 + 471531
0%
99 + 432531
0%
1 + 530531
0%
10 + 521531
0%
17 + 514531
0%
59 + 472531
0%
159 + 373532
0%
173 + 359532
0%
154 + 378532
0%
140 + 392532
0%
19 + 513532
0%
2 + 531533
0%
74 + 459533
0%
84 + 449533
0%
33 + 500533
0%
39 + 494533
0%
4 + 529533
0%
5 + 528533
0%
139 + 394533
0%
28 + 505533
0%
125 + 409534
0%
158 + 376534
0%
1 + 533534
0%
184 + 350534
0%
35 + 499534
0%
66 + 468534
0%
9 + 525534
0%
25 + 509534
0%
151 + 384535
0%
222 + 313535
0%
20 + 515535
0%
81 + 454535
0%
79 + 456535
0%
67 + 468535
0%
55 + 481536
0%
67 + 469536
0%
182 + 354536
0%
68 + 468536
0%
58 + 478536
0%
52 + 484536
0%
51 + 485536
0%
50 + 486536
0%
9 + 527536
0%
6 + 531537
0%
15 + 522537
0%
60 + 477537
0%
13 + 524537
0%
38 + 499537
0%
7 + 530537
0%
5 + 532537
0%
231 + 306537
0%
60 + 478538
0%
6 + 532538
0%
1 + 537538
0%
15 + 523538
0%
118 + 420538
0%
149 + 390539
0%
7 + 532539
0%
26 + 513539
0%
258 + 281539
0%
196 + 343539
0%
29 + 510539
0%
5 + 4954
0%
10 + 4454
0%
11 + 529540
0%
4 + 536540
0%
170 + 370540
0%
19 + 521540
0%
98 + 442540
0%
5 + 535540
0%
1 + 539540
0%
91 + 449540
0%
9 + 531540
0%
12 + 528540
0%
48 + 493541
0%
84 + 457541
0%
2 + 539541
0%
8 + 533541
0%
74 + 467541
0%
73 + 468541
0%
3 + 538541
0%
88 + 453541
0%
24 + 518542
0%
16 + 526542
0%
49 + 493542
0%
9 + 534543
0%
48 + 495543
0%
89 + 454543
0%
22 + 521543
0%
67 + 477544
0%
124 + 420544
0%
150 + 394544
0%
128 + 416544
0%
144 + 400544
0%
13 + 531544
0%
72 + 472544
0%
30 + 514544
0%
56 + 488544
0%
210 + 335545
0%
203 + 342545
0%
31 + 514545
0%
189 + 356545
0%
2 + 543545
0%
8 + 537545
0%
191 + 354545
0%
57 + 488545
0%
28 + 517545
0%
88 + 457545
0%
123 + 423546
0%
21 + 525546
0%
34 + 512546
0%
22 + 524546
0%
39 + 507546
0%
24 + 522546
0%
5 + 542547
0%
7 + 540547
0%
35 + 512547
0%
36 + 511547
0%
18 + 529547
0%
3 + 544547
0%
9 + 539548
0%
6 + 542548
0%
11 + 537548
0%
174 + 375549
0%
4 + 545549
0%
51 + 498549
0%
17 + 532549
0%
257 + 292549
0%
29 + 520549
0%
20 + 529549
0%
17 + 3855
0%
14 + 4155
0%
3 + 5255
0%
1 + 5455
0%
2 + 5355
0%
95 + 455550
0%
4 + 546550
0%
80 + 471551
0%
2 + 549551
0%
177 + 374551
0%
29 + 522551
0%
10 + 541551
0%
5 + 546551
0%
42 + 509551
0%
139 + 412551
0%
107 + 444551
0%
19 + 533552
0%
44 + 508552
0%
178 + 374552
0%
103 + 449552
0%
227 + 325552
0%
188 + 364552
0%
145 + 408553
0%
42 + 511553
0%
5 + 548553
0%
119 + 434553
0%
113 + 441554
0%
7 + 547554
0%
18 + 536554
0%
205 + 349554
0%
1 + 553554
0%
248 + 306554
0%
3 + 552555
0%
6 + 549555
0%
47 + 508555
0%
78 + 477555
0%
170 + 385555
0%
48 + 507555
0%
93 + 462555
0%
8 + 548556
0%
256 + 300556
0%
132 + 424556
0%
4 + 552556
0%
115 + 441556
0%
7 + 549556
0%
115 + 442557
0%
9 + 548557
0%
122 + 435557
0%
57 + 500557
0%
71 + 486557
0%
157 + 401558
0%
228 + 330558
0%
95 + 463558
0%
230 + 328558
0%
87 + 471558
0%
25 + 533558
0%
11 + 547558
0%
59 + 500559
0%
81 + 478559
0%
56 + 503559
0%
12 + 547559
0%
28 + 531559
0%
7 + 4956
0%
18 + 3856
0%
4 + 5256
0%
73 + 487560
0%
117 + 443560
0%
5 + 555560
0%
75 + 485560
0%
272 + 288560
0%
227 + 333560
0%
19 + 541560
0%
36 + 524560
0%
16 + 545561
0%
121 + 440561
0%
13 + 548561
0%
32 + 529561
0%
146 + 415561
0%
9 + 553562
0%
40 + 522562
0%
1 + 562563
0%
17 + 546563
0%
183 + 380563
0%
25 + 538563
0%
38 + 525563
0%
144 + 420564
0%
55 + 509564
0%
255 + 309564
0%
8 + 556564
0%
59 + 505564
0%
89 + 475564
0%
3 + 562565
0%
36 + 529565
0%
30 + 535565
0%
192 + 373565
0%
147 + 418565
0%
10 + 555565
0%
104 + 461565
0%
7 + 558565
0%
69 + 496565
0%
42 + 523565
0%
220 + 345565
0%
6 + 559565
0%
19 + 547566
0%
198 + 368566
0%
12 + 554566
0%
2 + 564566
0%
67 + 499566
0%
45 + 521566
0%
5 + 561566
0%
10 + 556566
0%
27 + 540567
0%
226 + 341567
0%
23 + 544567
0%
17 + 550567
0%
248 + 319567
0%
22 + 545567
0%
9 + 558567
0%
184 + 383567
0%
2 + 565567
0%
271 + 297568
0%
88 + 480568
0%
207 + 361568
0%
27 + 541568
0%
211 + 357568
0%
35 + 533568
0%
154 + 414568
0%
22 + 546568
0%
5 + 564569
0%
97 + 472569
0%
84 + 485569
0%
24 + 545569
0%
34 + 535569
0%
6 + 5157
0%
35 + 535570
0%
215 + 355570
0%
8 + 562570
0%
46 + 524570
0%
168 + 402570
0%
232 + 339571
0%
1 + 570571
0%
113 + 458571
0%
161 + 410571
0%
144 + 427571
0%
49 + 522571
0%
149 + 422571
0%
3 + 568571
0%
21 + 551572
0%
19 + 553572
0%
28 + 544572
0%
83 + 489572
0%
94 + 478572
0%
243 + 330573
0%
28 + 545573
0%
64 + 509573
0%
3 + 570573
0%
229 + 344573
0%
6 + 568574
0%
14 + 560574
0%
77 + 497574
0%
7 + 567574
0%
51 + 523574
0%
43 + 531574
0%
9 + 565574
0%
80 + 494574
0%
4 + 570574
0%
4 + 571575
0%
12 + 563575
0%
86 + 489575
0%
8 + 567575
0%
167 + 409576
0%
3 + 573576
0%
11 + 565576
0%
13 + 563576
0%
73 + 503576
0%
2 + 575577
0%
164 + 413577
0%
6 + 571577
0%
98 + 479577
0%
36 + 541577
0%
39 + 539578
0%
30 + 548578
0%
258 + 320578
0%
29 + 549578
0%
5 + 573578
0%
21 + 557578
0%
172 + 406578
0%
57 + 522579
0%
7 + 572579
0%
20 + 559579
0%
1 + 579580
0%
23 + 557580
0%
86 + 494580
0%
143 + 437580
0%
16 + 564580
0%
160 + 420580
0%
8 + 572580
0%
222 + 359581
0%
26 + 555581
0%
242 + 339581
0%
22 + 559581
0%
38 + 543581
0%
92 + 489581
0%
89 + 492581
0%
4 + 578582
0%
31 + 551582
0%
15 + 567582
0%
8 + 574582
0%
162 + 420582
0%
221 + 361582
0%
259 + 324583
0%
260 + 323583
0%
208 + 375583
0%
17 + 566583
0%
85 + 498583
0%
71 + 512583
0%
3 + 580583
0%
261 + 322583
0%
65 + 518583
0%
1 + 582583
0%
58 + 526584
0%
115 + 469584
0%
52 + 532584
0%
2 + 582584
0%
8 + 576584
0%
166 + 418584
0%
6 + 579585
0%
16 + 569585
0%
5 + 580585
0%
1 + 584585
0%
203 + 382585
0%
8 + 577585
0%
11 + 574585
0%
230 + 355585
0%
250 + 335585
0%
100 + 485585
0%
169 + 417586
0%
136 + 450586
0%
43 + 543586
0%
67 + 519586
0%
231 + 355586
0%
32 + 554586
0%
20 + 567587
0%
234 + 353587
0%
3 + 585588
0%
189 + 399588
0%
1 + 588589
0%
95 + 494589
0%
19 + 570589
0%
50 + 539589
0%
125 + 464589
0%
30 + 559589
0%
8 + 581589
0%
8 + 5159
0%
14 + 4559
0%
6 + 584590
0%
101 + 489590
0%
17 + 573590
0%
153 + 438591
0%
4 + 587591
0%
63 + 528591
0%
18 + 573591
0%
2 + 589591
0%
96 + 495591
0%
74 + 518592
0%
130 + 462592
0%
5 + 587592
0%
77 + 515592
0%
119 + 473592
0%
70 + 523593
0%
110 + 483593
0%
7 + 586593
0%
54 + 539593
0%
19 + 574593
0%
58 + 536594
0%
54 + 540594
0%
53 + 541594
0%
51 + 543594
0%
3 + 591594
0%
8 + 586594
0%
47 + 547594
0%
14 + 581595
0%
78 + 517595
0%
29 + 567596
0%
2 + 594596
0%
87 + 509596
0%
99 + 497596
0%
11 + 585596
0%
155 + 441596
0%
3 + 593596
0%
27 + 569596
0%
28 + 569597
0%
235 + 362597
0%
1 + 596597
0%
66 + 531597
0%
44 + 554598
0%
23 + 575598
0%
4 + 594598
0%
126 + 472598
0%
9 + 589598
0%
15 + 583598
0%
28 + 570598
0%
33 + 565598
0%
6 + 592598
0%
248 + 351599
0%
1 + 598599
0%
32 + 567599
0%
102 + 497599
0%
14 + 585599
0%
19 + 4160
0%
3 + 5760
0%
18 + 4260
0%
16 + 4460
0%
1 + 5960
0%
13 + 4861
0%
2 + 5961
0%
12 + 5062
0%
15 + 4762
0%
8 + 5462
0%
7 + 5663
0%
21 + 4263
0%
25 + 3863
0%
7 + 5764
0%
26 + 3864
0%
4 + 6165
0%
9 + 5665
0%
14 + 5165
0%
25 + 4166
0%
7 + 5966
0%
20 + 4767
0%
6 + 6167
0%
5 + 6267
0%
2 + 6668
0%
1 + 6768
0%
11 + 5768
0%
6 + 6268
0%
17 + 5168
0%
26 + 4369
0%
34 + 3569
0%
16 + 5369
0%
1 + 67
0%
1 + 6970
0%
3 + 6770
0%
14 + 5670
0%
22 + 4870
0%
4 + 6872
0%
32 + 4072
0%
16 + 5672
0%
8 + 6573
0%
13 + 6073
0%
4 + 7074
0%
9 + 6574
0%
6 + 6874
0%
8 + 6674
0%
5 + 6974
0%
12 + 6274
0%
2 + 7375
0%
8 + 6775
0%
24 + 5175
0%
34 + 4175
0%
3 + 7275
0%
27 + 4976
0%
22 + 5577
0%
18 + 5977
0%
4 + 7478
0%
3 + 7578
0%
14 + 6579
0%
7 + 7279
0%
2 + 68
0%
19 + 6180
0%
5 + 7580
0%
1 + 7980
0%
1 + 8182
0%
2 + 8082
0%
29 + 5483
0%
8 + 7583
0%
18 + 6583
0%
23 + 6184
0%
16 + 6884
0%
6 + 7884
0%
7 + 7784
0%
19 + 6786
0%
32 + 5486
0%
14 + 7286
0%
3 + 8386
0%
11 + 7586
0%
4 + 8387
0%
1 + 8687
0%
8 + 7987
0%
3 + 8588
0%
12 + 7688
0%
5 + 8489
0%
31 + 5889
0%
9 + 8089
0%
10 + 7989
0%
1 + 89
0%
1 + 8990
0%
21 + 6990
0%
26 + 6490
0%
11 + 7990
0%
18 + 7391
0%
21 + 7192
0%
8 + 8492
0%
6 + 8692
0%
34 + 5892
0%
3 + 9093
0%
40 + 5393
0%
17 + 7693
0%
13 + 8093
0%
5 + 8994
0%
41 + 5394
0%
4 + 9094
0%
7 + 8794
0%
1 + 9394
0%
14 + 8195
0%
8 + 8795
0%
30 + 6595
0%
14 + 8296
0%
15 + 8196
0%
20 + 7696
0%
1 + 9697
0%
2 + 9597
0%
10 + 8797
0%
3 + 9598
0%
19 + 7998
0%
21 + 7798
0%
14 + 8599
0%
40 + 5999
0%
3 + 9699
0%

Score Distribution

Percentile by Number Answered

Percent of People with Each Score

Your Score History

You have not taken this quiz